000 00963cam a22002531 4500
001 l 43000050
003 DLC
005 20260227111538.0
008 781103s1943 quca 000 0 eng c
010 _al 43000050
035 _a(OCoLC)4344328
040 _aU.S. Dept. of Labor
_cCoDU
_dOCoLC
_dDLC
042 _apremarc
050 0 0 _aHD4813
_b.I4 ser. A, no. 42
110 2 _aInternational Labour Office
245 1 0 _aJoint production committees in Great Britain.
260 _aMontreal,
_bInternational labour office,
_c1943.
300 _a 1 p. l. iv, 74 p.
_bfold. diagr.
_c23 cm.
490 1 _aIts Studies and reports, Series A (Industrial relations)
_vno. 42
500 _aAt head of title: International labour office ...
650 0 _aWorld War, 1939-1945
_xEconomic aspects
_zGreat Britain.
650 0 _aManagement
_xEmployee participation.
810 2 _aInternational Labour Office.
_tStudies and reports, Series A (Industrial relations)
_vno. 42.
999 _c36421
_d36421